Top US Engineering Universities - Statistics

General Stats
  • This quiz has been taken 30 times
  • The average score is 30 of 50
Answer Stats
Rank College / University % Correct
41 Harvard
96%
1 MIT
93%
10 Texas
89%
42 Yale
89%
12 UCLA
85%
7 Michigan
81%
17 Penn
81%
9 Cornell
78%
5 Georgia Tech
78%
2 Stanford
78%
26 Washington
78%
4 California
74%
8 Illinois
74%
44 Virginia
74%
34 Arizona
70%
3 Caltech
70%
25 Florida
70%
13 Princeton
70%
21 USC
70%
22 Virginia Tech
70%
31 Colorado
63%
23 Ohio State
63%
48 Boston U
59%
16 Columbia
59%
15 Maryland
59%
37 Michigan State
59%
24 Minnesota
59%
19 Northwestern
59%
11 Purdue
59%
20 Texas A&M
59%
33 UC Santa Barbara
59%
14 Wisconsin
59%
35 Arizona State
56%
18 Johns Hopkins
56%
32 UC Irvine
56%
29 UC San Diego
56%
6 Carnegie Mellon
52%
46 Rutgers
52%
45 Tennessee
48%
30 UC Davis
48%
36 Iowa State
44%
50 NC State
44%
28 Northeastern
44%
43 Notre Dame
44%
47 Pittsburgh
41%
40 Washington St. Louis
33%
27 RPI
19%
38 SUNY Buffalo
19%
39 Colorado School of Mines
11%
49 Mississippi State
4%
No matching quizzes found
Score Distribution
Percent of People with Each Score
Percentile by Number Answered
Your Score History
You have not taken this quiz